Giáo trình phương pháp thí nghiệm nông nghiệp Sách dành cho cao đẳng Sư phạm

Những kiến thức cơ bản về lí luận và phương pháp xây dựng kế hoạch, tiến hành, tổng kết phân tích đánh giá kết quả thí nghiệm nông nghiệp

محفوظ في:
التفاصيل البيبلوغرافية
مؤلفون آخرون: Ngô Thị Đào (ch.b.), Nguyễn Văn Thiện (b.s.), Nguyễn Đình Hiền (b.s.), Nguyễn Thị Lan (b.s.)
التنسيق: كتاب
اللغة:Vietnamese
منشور في: H. Đại học Sư phạm 2007
الموضوعات:
الوسوم: إضافة وسم
لا توجد وسوم, كن أول من يضع وسما على هذه التسجيلة!
Thư viện lưu trữ: Mạng thư viện Đại học Đà Nẵng
LEADER 01717aam a22004098a 4500
001 000013599
003 9943
005 20120319130318.0
008 120319s2007 viesd
020 |d 3100b 
041 0 |a vie 
082 1 4 |2 14  |a 630.71  |b GIA 
084 |a M.n3  |b GI-108T 
245 |a Giáo trình phương pháp thí nghiệm nông nghiệp  |b Sách dành cho cao đẳng Sư phạm  |c B.s.: Ngô Thị Đào (ch.b.), Nguyễn Đình Hiền, Nguyễn Thị Lan.. 
260 |a H.  |b Đại học Sư phạm  |c 2007 
300 |a 160tr.  |b hình vẽ  |c 24cm 
500 |a Đầu bìa tên sách ghi: Bộ Giáo dục và Đào tạo. Dự án Đào tạo giáo viên THCS 
504 |a Phụ lục: tr. 121-154. - Thư mục: tr. 155 
520 |a Những kiến thức cơ bản về lí luận và phương pháp xây dựng kế hoạch, tiến hành, tổng kết phân tích đánh giá kết quả thí nghiệm nông nghiệp 
650 7 |2 Bộ TK TVQG  |a Thí nghiệm 
650 7 |2 Bộ TK TVQG  |a Nông nghiệp 
655 7 |2 Bộ TK TVQG  |a Giáo trình 
700 1 |a Ngô Thị Đào  |e ch.b. 
700 1 |a Nguyễn Văn Thiện  |e b.s. 
700 1 |a Nguyễn Đình Hiền  |e b.s. 
700 1 |a Nguyễn Thị Lan  |e b.s. 
910 |a duyên 
OWN |a LSP 
AVA |a UDN50  |b LSP  |d 630.71 GIA  |e available  |t Error 5001 Not defined in file expand_doc_bib_avail.  |f 5  |g 0  |h N  |i 0  |k 1 
999 |a From the UDN01 
AVA |a UDN50  |b LSP  |d 630.71 GIA  |e available  |t Error 5001 Not defined in file expand_doc_bib_avail.  |f 5  |g 0  |h N  |i 0  |k 1 
TYP |a Monograph 
TYP |a Printed language 
980 |a Mạng thư viện Đại học Đà Nẵng